000 00391 a2200169 4500
001 54224
020 _a
040 _cAnchieta - Pituba
100 _aSANTOS, Henrique Julio Vieira Gonçalves dos
240 1 0 _a2ª Química, ll unidade
_lpor
245 1 0 _a2ª Química, ll unidade
300 _a13
362 0 _a2016
440 1 _aColégio Anchieta
650 4 _aQuímica
942 _cBK
999 _c54224
_d54224